| 000 | 00638nam a2200181 a 4500 | ||
|---|---|---|---|
| 001 | 000249802 | ||
| 003 | AM-YeHGA | ||
| 005 | 20250618071657.0 | ||
| 008 | 030723s1932 ai 000 | arm d | ||
| 040 | _aAM-YeHGA | ||
| 100 | 1 | _aՈկուլով, Ալեքսեյ | |
| 245 | 1 | 0 |
_aԿամո : _bՊատմվածք / _cԱ. Ոկուլով; Թարգմ.՝ Ա. Ղուրբանյան. |
| 260 |
_aՅերևան : _bՊետ. հրատ, _c1932. |
||
| 300 |
_a78 էջ ; _c17 սմ. |
||
| 650 | 1 | 4 |
_aՌուս գրականություն _xՊատմվածք _94645 |
| 700 | 1 |
_aՂուրբանյան, Ավետիք, _d1899-1938 _eթարգմ. _4trl _92670 |
|
| 090 | _c90687 | ||
| 999 |
_c89400 _d89400 |
||